[Event "Dvorkovich Mem 2013"]
[Site "Taganrog RUS"]
[Date "2013.01.23"]
[Round "9.27"]
[White "Gunchenko,Vadim"]
[Black "Mikhailov,Se1"]
[Result "1/2-1/2"]
[WhiteElo "1962"]
[BlackElo "2377"]

1.d4 Nf6 2.c4 e6 3.Nf3 b6 4.a3 Bb7 5.Nc3 Be7 6.d5 d6 7.e4 O-O 8.Be2 exd5
9.cxd5 c5 10.O-O Re8 11.Bf4 a6 12.a4 h6 13.Nd2 Bf8 14.Qc2 Nbd7 15.Nc4 Qc7
16.Bf3 Rab8 17.Ra3 Bc8 18.Rb3 Ne5 19.Bxe5 dxe5 20.Be2 Bd7 21.Ne3 Ra8 22.Qd3 Bd6
23.Ra1 Reb8 24.h3 h5 25.Nc4 g6 26.Qe3 Ne8 27.Bd3 Ra7 28.Qe2 Bf8 29.d6 Qd8
30.Nxe5 Be6 31.Nc6 Qxd6 32.Nxa7 Bxb3 33.Bxa6 Ra8 34.Nab5 Qe5 35.Bb7 Rd8 36.Bd5 Bxd5
37.exd5 Qxe2 38.Nxe2 Rxd5 39.Nec3 Rd2 40.Re1 Nf6 41.Re2 Rd7 42.Na3 Rd4 43.Nc2 Rc4  1/2-1/2

[Event "18th HIT Open A 2013"]
[Site "Nova Gorica SLO"]
[Date "2013.01.29"]
[Round "7.3"]
[White "Visintin,R"]
[Black "Milenkovic,Ml"]
[Result "1/2-1/2"]
[WhiteElo "2046"]
[BlackElo "2393"]

1.d4 Nf6 2.Nf3 e6 3.c4 b6 4.a3 Bb7 5.Nc3 g6 6.e3 Bg7 7.Be2 d5 8.O-O O-O 9.b3 Nbd7
10.Bb2 Rc8 11.Rc1 Qe7 12.cxd5 exd5 13.Nb5 a6 14.Na7 Ra8 15.Nc6 Qd6 16.Nce5 Rac8
17.Rc2 Ne4 18.Bd3 Nb8 19.Qc1 f6 20.Bxe4 dxe4 21.Nc4 Qe6 22.Nfd2 Bd5 23.a4 Nc6
24.Ba3 Rfd8 25.b4 Ne7 26.b5 Nf5 27.Qd1 axb5 28.axb5 Ra8 29.Qe2 Ra4 30.Rb1 Rda8
31.Bb4 R8a7 32.h3 h5 33.Rbb2 Ra1+ 34.Nb1 Bh6 35.Nd2 Ng7 36.Kh2 f5 37.Nc3 f4
38.Nxd5 Qxd5 39.exf4 Bxf4+ 40.g3 Bxd2 41.Bxd2 e3 42.Be1 exf2 43.Qxf2 Nf5
44.Re2 Nxd4 45.Re8+ Kh7 46.Re7+ Kg8 47.Re8+ Kh7  1/2-1/2

[Event "Asian Zonal 3.2 2013"]
[Site "Thulhiriya City PHI"]
[Date "2013.02.03"]
[Round "2.7"]
[White "Doluweera,Minul Sanjula"]
[Black "Weeramantry,S SRI"]
[Result "0-1"]
[WhiteElo "1774"]
[BlackElo "2118"]

1.c4 Nf6 2.d4 e6 3.Nf3 b6 4.a3 Bb7 5.Nc3 Be7 6.d5 d6 7.e4 O-O 8.Be2 a5 9.O-O Na6
10.Ne1 e5 11.Be3 Nd7 12.Nd3 Bg5 13.Bxg5 Qxg5 14.b4 g6 15.Qc1 Qe7 16.bxa5 Ndc5
17.Rb1 Nxd3 18.Bxd3 Nc5 19.Bc2 Rxa5 20.Rb5 Rfa8 21.Rxa5 Rxa5 22.Qb2 Ba6 23.Qb4 Qg5
24.Na4 Qf4 25.Nxc5 Rxc5 26.Bd3 f5 27.Re1 fxe4 28.Rxe4 Qc1+ 29.Re1 Qf4 30.Re4 Qf8
31.h3 Bc8 32.Re3 Bd7 33.Rf3 Qh6 34.Qb1 Kg7 35.Rg3 Ra5 36.Bf5 Be8 37.Be6 Qf4
38.Qd3 Ra4 39.Rg4 Qc1+ 40.Kh2 Rxa3 41.Qe2 Ba4 42.f4 Ra1 43.fxe5 Qg1+ 44.Kg3 Re1
45.Qd2 Re3+ 46.Kh4 Rxe5 47.Kg3 Re3+ 48.Kf4 Re5 49.Kf3 Bd1+  0-1

[Event "Asian Zonal 3.2 2013"]
[Site "Thulhiriya City PHI"]
[Date "2013.02.05"]
[Round "5.15"]
[White "Doluweera,Minul Sanjula"]
[Black "Fonseka,C"]
[Result "0-1"]
[WhiteElo "1774"]
[BlackElo "1920"]

1.c4 Nf6 2.d4 e6 3.Nf3 b6 4.a3 Bb7 5.Nc3 d5 6.cxd5 exd5 7.Bg5 Be7 8.g3 O-O
9.Bg2 Nbd7 10.O-O h6 11.Bf4 c6 12.Rc1 Re8 13.h3 Nf8 14.Ne5 Ne6 15.Be3 Bd6
16.f4 Nf8 17.Bf2 Rc8 18.Qb3 Qe7 19.Rfe1 Bb8 20.Qa2 Red8 21.b4 Ne6 22.Nd3 Ne4
23.e3 Nf8 24.Qc2 Re8 25.Qb3 Ba6 26.b5 Nxc3 27.Rxc3 Bxb5 28.Bxd5 Bxd3 29.Bxc6 Rxc6
30.Rxc6 Be4 31.Rc3 Qb7 32.Kh2 Nd7 33.Rec1 Nf6 34.Qb5 g6 35.a4 Kg7 36.a5 bxa5
37.Qxa5 Qb2  0-1

[Event "Asian Zonal 3.2 2013"]
[Site "Thulhiriya City PHI"]
[Date "2013.02.06"]
[Round "6.5"]
[White "Hossain,Enam"]
[Black "Alahakoon,I"]
[Result "1-0"]
[WhiteElo "2493"]
[BlackElo "2064"]

1.Nf3 Nf6 2.d4 b6 3.c4 e6 4.a3 d5 5.cxd5 exd5 6.Nc3 Be7 7.g3 O-O 8.Bg2 Bb7
9.O-O Nbd7 10.Bf4 a6 11.Rc1 Re8 12.Qb3 Nf8 13.Ne5 Ne6 14.Be3 c5 15.dxc5 Bxc5
16.Na4 Bxe3 17.Qxe3 b5 18.Qb6 Qb8 19.Nc3 Qxe5 20.Qxb7 Nc5 21.Qb6 Rac8 22.Bh3 Rc7
23.Nd1 d4 24.e3 d3 25.Nc3 Rb7 26.Qc6 Rc7 27.Qb6 Rb7 28.Qc6 Rc7 29.Qf3 Nce4
30.Nxe4 Nxe4 31.Qf5 Qxf5 32.Bxf5 Rxc1 33.Rxc1 g6 34.Bxe4 Rxe4 35.Rd1 Rc4
36.Rxd3 Rc2 37.b4 Ra2 38.g4 h6 39.h4 Kg7 40.Kg2 g5 41.h5 Kf8 42.Kg3 Ke7 43.Rc3 Kf8
44.f4 gxf4+ 45.exf4 Kg7 46.Kf3 Ra1 47.Ke4 Re1+ 48.Kf5 Re6 49.g5 Rd6 50.Rc7 hxg5
51.Kxg5 Re6 52.Ra7 Rc6 53.f5 Rd6 54.Kf4 Rh6 55.Ke4 Rd6 56.Ke5 Rc6 57.Rd7 Rc3
58.h6+ Kxh6 59.Kf6 Rf3 60.Ra7 Rxa3 61.Kxf7 Kh7 62.f6 Kh8 63.Ke8 Rc3 64.Rd7 Re3+
65.Kf8 Re4 66.Rd3 Rh4 67.f7 Kh7 68.Re3 Rc4 69.Rh3+ Kg6 70.Kg8 Rc8+ 71.f8=Q Rxf8+
72.Kxf8 Kf5 73.Re3  1-0

[Event "35th Georgi Tringov Open"]
[Site "Plovdiv BUL"]
[Date "2013.02.07"]
[Round "6.20"]
[White "Janchev,P"]
[Black "Nikolov,Sas"]
[Result "0-1"]
[WhiteElo "2177"]
[BlackElo "2415"]

1.Nf3 Nf6 2.c4 b6 3.d4 e6 4.a3 Ba6 5.Qc2 c5 6.d5 exd5 7.cxd5 d6 8.Nc3 Be7
9.g4 O-O 10.g5 Ne8 11.h4 Nd7 12.Bf4 Nc7 13.Bh3 Re8 14.Bf5 Nf8 15.h5 Bc8 16.g6 Bf6
17.gxf7+ Kxf7 18.Bxh7 Nxh7 19.Qxh7 Bxc3+ 20.bxc3 Qf6 21.Qg6+ Qxg6 22.hxg6+ Kxg6
23.c4 Ba6 24.Bxd6 Nxd5 25.Ne5+ Kf5 26.cxd5 Rad8 27.Bc7 Rxd5 28.Rd1 Rxd1+
29.Kxd1 Rc8 30.Bd6 Ke6 31.Rg1 Kxd6 32.f4 Rc7 33.Kd2 Bb7 34.Nc4+ Ke6 35.Rg5 Kf6
36.Kc3 Re7 37.Ne5 Be4 38.Ng4+ Ke6 39.Re5+ Kd6 40.Rxe7 Kxe7 41.Nf2 Bb7 42.e3 Ke6
43.e4 b5 44.Kd3 a5 45.Ng4 Bc8 46.f5+ Ke7 47.Ne5 Bb7 48.Ke3 b4 49.a4 b3 50.Nc4 Ba6
51.Nd2 b2 52.e5 Bc4 53.Ke4 Ba2 54.f6+ gxf6 55.exf6+ Kxf6 56.Kd3 Ke5 57.Kc2 b1=Q+
58.Nxb1 Bxb1+ 59.Kxb1 Kd4 60.Kb2 Kd3  0-1

[Event "TCh-CZE Div1 Zapad 2012-13"]
[Site "Czech Republic CZE"]
[Date "2013.02.10"]
[Round "7.4"]
[White "Voloshin,L"]
[Black "Kacirek,P"]
[Result "1-0"]
[WhiteElo "2426"]
[BlackElo "2294"]

1.d4 Nf6 2.c4 e6 3.Nf3 b6 4.a3 Be7 5.Nc3 d6 6.e4 Bb7 7.Bd3 Nbd7 8.O-O e5
9.Re1 O-O 10.b4 c6 11.Bb2 Re8 12.d5 c5 13.Nd2 h6 14.Nb3 Nh7 15.bxc5 Nxc5
16.Nxc5 bxc5 17.Rb1 Bc8 18.Bc2 Rf8 19.Ba1 f5 20.exf5 Bxf5 21.Bxf5 Rxf5 22.Rb7 Bf8
23.Ne4 Qh4 24.Qe2 Ng5 25.f3 Nxe4 26.fxe4 Rf7 27.Rxf7 Kxf7 28.Rb1 Re8 29.Qf2+ Qxf2+
30.Kxf2 Re7 31.Bc3 Rd7 32.Rb8 Be7 33.Bd2 Bd8 34.Ke2 Ke7 35.Rb3 Kf7 36.a4 Ke7
37.h4 Kf7 38.h5 Ke8 39.Rb8 Kf7 40.Kf3 g6 41.Kg4 Kg7 42.Rc8 Bf6 43.Rb8 Bd8
44.a5 g5 45.Kf5 Kf7 46.a6 Bb6 47.Rh8 Kg7 48.Ke6 Rf7 49.Rh7+  1-0

[Event "35th Georgi Tringov Open"]
[Site "Plovdiv BUL"]
[Date "2013.02.10"]
[Round "9.6"]
[White "Rombaldoni,Ax"]
[Black "Parligras,M"]
[Result "1-0"]
[WhiteElo "2472"]
[BlackElo "2633"]

1.d4 Nf6 2.c4 e6 3.Nf3 b6 4.a3 Bb7 5.Nc3 d5 6.Qc2 c5 7.dxc5 bxc5 8.cxd5 exd5
9.e4 d4 10.e5 dxc3 11.exf6 Qxf6 12.Bb5+ Bc6 13.O-O Bxb5 14.Bg5 Qg6 15.Rfe1+ Be7
16.Rxe7+ Kf8 17.Qxc3 Nd7 18.Qb3 Bc6 19.Nh4 Qh5 20.Rxd7 Bxd7 21.Qd5 f6 22.Qxa8+ Be8
23.Re1 fxg5 24.Nf5  1-0

[Event "TCh-FRA w TOP 12 2013"]
[Site "Archamps FRA"]
[Date "2013.02.17"]
[Round "5.2"]
[White "Javakhishvili,L"]
[Black "Dzagnidze,N"]
[Result "1/2-1/2"]
[WhiteElo "2461"]
[BlackElo "2555"]

1.d4 Nf6 2.c4 e6 3.Nf3 b6 4.a3 Ba6 5.Qc2 Bb7 6.Nc3 c5 7.dxc5 Bxc5 8.Bf4 O-O
9.e3 Be7 10.h3 d6 11.Be2 a6 12.O-O Nbd7 13.Rfd1 Qc7 14.Rac1 Rac8 15.b4 Qb8
16.Qb3 h6 17.Bh2 Rfe8 18.Nd2 Rc7 19.Nf3 e5 20.Nd2 Rec8 21.e4 Nf8 22.Qb2 Ne6
23.Nd5 Nd4 24.Nb3 Nxe2+ 25.Qxe2 Nxd5 26.exd5 Bg5 27.Rc3 Qa8 28.Qd3 a5 29.b5 Re8
30.Kh1 Bc8 31.Bg1 Qb7 32.f3 f5 33.Qe2 Rf7 34.Rc2 Bd7 35.Nd2 Bd8 36.Nb1 f4
37.Nc3 Bf5 38.Ne4 Qd7 39.Bf2 g5 40.Kg1 h5 41.Kf1 g4 42.hxg4 hxg4 43.Ke1 Rh7
44.Kd2 Rh2 45.Rg1 Rf8 46.Kc3 Qh7 47.Rd2 g3 48.Be1 Be7 49.Kd3 Kf7 50.Rb2 Rh1
51.Rxh1 Qxh1 52.Bc3 Rh8 53.c5 bxc5 54.b6 Rb8 55.b7 Qc1 56.Qe1 Qxe1 57.Bxe1 Bd8
58.Kc4 Bxe4 59.fxe4 Bc7 60.a4 Ke7 61.Kd3 Kd7 62.Ke2 Bd8 63.Bc3 Bc7 64.Kf3 Ke7
65.Be1 Kd7 66.Bc3 Ke7 67.Be1 Kf6 68.Rb5 Kf7 69.Bc3 Ke8 70.Be1 Kd8 71.Bc3 Kd7
72.Be1 Ke7 73.Bc3 Kf6 74.Rb1 Kg5 75.Bd2 Kf6 76.Bc3 Ke7 77.Bd2 Kd7 78.Be1 Ke7
79.Bd2 Kd7 80.Be1  1/2-1/2

[Event "ch-Central Serbia 2013"]
[Site "Pozarevac SRB"]
[Date "2013.02.19"]
[Round "2.5"]
[White "Ratkovic,Miloj"]
[Black "Lajthajm,B"]
[Result "0-1"]
[WhiteElo "2249"]
[BlackElo "2469"]

1.d4 Nf6 2.Nf3 e6 3.c4 b6 4.a3 Bb7 5.Nc3 d5 6.cxd5 Nxd5 7.Qc2 Nd7 8.e4 Nxc3
9.bxc3 c5 10.Bd3 Rc8 11.Qe2 Be7 12.O-O O-O 13.Bb2 Qc7 14.Nd2 Bg5 15.Nf3 Bf4
16.Rad1 c4 17.Bc2 f6 18.h3 Rce8 19.Ba4 f5 20.exf5 Rxf5 21.Ne5 Nxe5 22.Bxe8 Nf3+
23.Kh1 Bd5 24.gxf3 Qb7 25.Kg2 Rg5+  0-1

[Event "33rd TCh-IND 2013"]
[Site "Hyderabad IND"]
[Date "2013.02.21"]
[Round "2.3"]
[White "Santoshkashyap,H"]
[Black "Swayams,M"]
[Result "0-1"]
[WhiteElo "2044"]
[BlackElo "2410"]

1.d4 e6 2.Nf3 Nf6 3.c4 b6 4.a3 Bb7 5.Nc3 d5 6.cxd5 exd5 7.Bg5 Be7 8.e3 O-O
9.Bd3 h6 10.Bh4 Nbd7 11.O-O Ne4 12.Bxe7 Qxe7 13.Rc1 c6 14.Qe2 Rae8 15.Rfe1 f5
16.Nd2 Qf6 17.f4 Nxd2 18.Qxd2 Re7 19.Ne2 Rfe8 20.Ng3 g6 21.b4 Re6 22.Nf1 Qe7
23.h3 Nf6 24.Qb2 Bc8 25.Kh2 Kh7 26.Rc2 Bd7 27.Qb3 Kh8 28.g3 h5 29.Rec1 b5
30.Qc3 Rb8 31.Rg2 Rb6 32.Bc2 Rb8 33.Ra1 Ne8 34.Re1 Nd6 35.Bd3 Re8 36.Rge2 Rf6
37.Nd2 Ne4 38.Bxe4 fxe4 39.h4 Ra8 40.Nb3 Qe6 41.Rg2 Qh3+ 42.Kg1 Bg4 43.Qd2 Bf3
44.Rh2 Qxg3+ 45.Kf1 Raf8 46.Qf2 Qg4 47.Qg1 Qc8 48.Qg5 Kh7 49.Rc1 Bg4 50.Na5 Qd7  0-1

[Event "TCh-CZE Div1 Zapad 2012-13"]
[Site "Czech Republic CZE"]
[Date "2013.02.24"]
[Round "8.7"]
[White "Dvorak,J"]
[Black "Machan,J"]
[Result "1-0"]
[WhiteElo "2203"]
[BlackElo "2078"]

1.d4 Nf6 2.c4 e6 3.Nf3 b6 4.a3 Bb7 5.Nc3 d5 6.e3 Nbd7 7.Be2 dxc4 8.Bxc4 Be7
9.O-O O-O 10.Qe2 c5 11.Rd1 Qc7 12.Ba2 Rac8 13.e4 cxd4 14.Nxd4 Rfe8 15.Bg5 Nc5
16.Ndb5 Qb8 17.Bxf6 Bxf6 18.Nd6 Be5 19.Nxe8 Rxe8 20.h3 Bxc3 21.bxc3 Nxe4
22.Rac1 Rc8 23.Qd3 g6 24.Qd4 Bc6 25.c4 Qb7 26.Bb1 Nc5 27.Qg4 Qa6 28.Qg3 Re8
29.h4 Qb7 30.h5 Kg7 31.Rd4 e5 32.Rd6 Be4 33.f3 Qe7 34.Rdd1 Bxb1 35.Rxb1 Qe6
36.Qh4 e4 37.h6+ Kg8 38.Rd8 exf3 39.Re1 Qxe1+ 40.Qxe1 Rxd8 41.Qe7 Ne6 42.gxf3 Rd1+
43.Kg2 Rd2+ 44.Kg3 g5 45.Qe8+ Nf8 46.Qe5 Ne6 47.Qb8+ Rd8 48.Qxa7 f5 49.Qe7 f4+
50.Kg4  1-0

[Event "29th Open"]
[Site "Cappelle la Grande FRA"]
[Date "2013.02.25"]
[Round "3.63"]
[White "Barlov,D"]
[Black "Cappon,J"]
[Result "1-0"]
[WhiteElo "2461"]
[BlackElo "2239"]

1.c4 Nf6 2.Nf3 e6 3.d4 b6 4.a3 Bb7 5.Nc3 h6 6.d5 exd5 7.cxd5 Bd6 8.e4 O-O
9.Bd3 c6 10.O-O Re8 11.Re1 Qc7 12.e5 Bxe5 13.Rxe5  1-0

[Event "33rd TCh-IND 2013"]
[Site "Hyderabad IND"]
[Date "2013.02.25"]
[Round "8.1"]
[White "Sethuraman,S"]
[Black "Stany,G"]
[Result "1-0"]
[WhiteElo "2538"]
[BlackElo "2456"]

1.d4 Nf6 2.c4 e6 3.Nf3 b6 4.a3 Ba6 5.Qc2 Bb7 6.Nc3 c5 7.e4 cxd4 8.Nxd4 Nc6
9.Nxc6 Bxc6 10.e5 Ng4 11.Qe2 Qh4 12.Bf4 f6 13.Bg3 Qg5 14.f3 Nh6 15.Ne4 Qg6
16.exf6 gxf6 17.O-O-O Nf7 18.Qc2 Rc8 19.Kb1 Be7 20.Bf4 O-O 21.h4 d5 22.cxd5 Bxd5
23.Qf2 Ne5 24.Qe1 Nc4 25.Bd3 f5 26.Nc3 Qg7 27.Bxc4 Bxc4 28.Rh3 Kh8 29.Rg3 Bxh4
30.Be5  1-0

[Event "79th ch-BRA 2013"]
[Site "Montenegro BRA"]
[Date "2013.02.25"]
[Round "1.2"]
[White "Gotz,K"]
[Black "Brito,L"]
[Result "1/2-1/2"]
[WhiteElo "2081"]
[BlackElo "2292"]

1.d4 Nf6 2.c4 e6 3.Nf3 b6 4.a3 Bb7 5.Nc3 Ne4 6.Nxe4 Bxe4 7.Bf4 Be7 8.e3 d6
9.Bd3 Bg6 10.O-O Nd7 11.Qe2 Bf6 12.Rfd1 Qe7 13.Bxg6 hxg6 14.Rd2 O-O 15.Rad1 g5
16.Bg3 g6 17.b4 a5 18.c5 axb4 19.axb4 Rfc8 20.h3 Bg7 21.Qc4 d5 22.Qb5 c6
23.Qe2 bxc5 24.bxc5 e5 25.Bxe5 Nxe5 26.Nxe5 Bxe5 27.dxe5 Qxe5 28.Qg4 Rc7
29.Qd4 Re7 30.Ra1 Qxd4 31.exd4  1/2-1/2

[Event "29th Open"]
[Site "Cappelle la Grande FRA"]
[Date "2013.02.26"]
[Round "5.57"]
[White "Kambrath,Y"]
[Black "Song,Ju"]
[Result "1/2-1/2"]
[WhiteElo "2232"]
[BlackElo "2422"]

1.d4 Nf6 2.c4 e6 3.Nf3 b6 4.a3 Ba6 5.e3 d5 6.b3 Be7 7.Bd3 O-O 8.O-O c5 9.Bb2 Nbd7
10.Qe2 Rc8 11.Nbd2 Qc7 12.Rac1 dxc4 13.Bxc4 Bxc4 14.Nxc4 Qb7 15.dxc5 Rxc5
16.b4 Rc7 17.Nd4 a6 18.b5  1/2-1/2

[Event "Zagreb Open A 2013"]
[Site "Zagreb CRO"]
[Date "2013.02.26"]
[Round "2.1"]
[White "Kozul,Z"]
[Black "Raguz,Dari"]
[Result "1-0"]
[WhiteElo "2630"]
[BlackElo "2182"]

1.d4 Nf6 2.Nf3 e6 3.c4 b6 4.a3 Bb7 5.Nc3 d5 6.cxd5 Nxd5 7.e3 g6 8.Bb5+ c6
9.Nxd5 exd5 10.Bd3 Nd7 11.O-O Bg7 12.a4 a5 13.b3 O-O 14.Ba3 Re8 15.Rc1 Bf8
16.Bxf8 Kxf8 17.Rc2 Qe7 18.Qa1 Qd6 19.Rfc1 Rac8 20.Bf1 f5 21.Rb1 Qb4 22.Ne1 Qd6
23.Qb2 Ra8 24.Qc1 Re6 25.Nd3 Ree8 26.Qd2 Ba6 27.Nf4 Bb7 28.Rbc1 Nf6 29.Nd3 Nd7
30.f4 Qe7 31.Ne5 Nxe5 32.fxe5 Kg8 33.Qf2 Qb4 34.h4 Qe7 35.Qf4 Rf8 36.Bb5 Rac8
37.Bxc6 Bxc6 38.Rxc6 Qd7 39.Rxc8 Rxc8 40.Rxc8+ Qxc8 41.Kh2 Kg7 42.Qg5 Qc3
43.h5 Kf7 44.Qf6+ Ke8  1-0

[Event "79th ch-BRA 2013"]
[Site "Montenegro BRA"]
[Date "2013.02.27"]
[Round "3.1"]
[White "Gotz,K"]
[Black "Macedo,MIa"]
[Result "0-1"]
[WhiteElo "2081"]
[BlackElo "2408"]

1.d4 Nf6 2.c4 e6 3.Nf3 b6 4.a3 Bb7 5.Nc3 d5 6.cxd5 Nxd5 7.Qc2 Be7 8.e4 Nxc3
9.bxc3 O-O 10.Bd3 c5 11.Be3 Qc7 12.Qe2 cxd4 13.Bxd4 Nd7 14.e5 h6 15.O-O Nc5
16.Nd2 Qc6 17.f3 Nxd3 18.Qxd3 Qa4 19.Ne4 Ba6 20.Qe3 Bxf1 21.Nf6+ gxf6 22.exf6 Qc2
23.Rxf1 Bc5 24.Bxc5 bxc5 25.Qxh6 Qg6 26.Qh4 Rfd8 27.f4 Rd2 28.g4 Rb8  0-1

[Event "29th Open"]
[Site "Cappelle la Grande FRA"]
[Date "2013.02.28"]
[Round "7.39"]
[White "Indjic,A"]
[Black "Fuchs,Ju"]
[Result "1-0"]
[WhiteElo "2502"]
[BlackElo "2292"]

1.d4 Nf6 2.Nf3 e6 3.c4 b6 4.a3 Bb7 5.Nc3 d5 6.cxd5 Nxd5 7.Bd2 Be7 8.Qc2 O-O
9.e4 Nxc3 10.Bxc3 f5 11.Bd3 fxe4 12.Bxe4 Bxe4 13.Qxe4 Qd5 14.Qe2 Nc6 15.O-O Bd6
16.Rfe1 Rae8 17.Rad1 Qh5 18.Rd3 Bf4 19.g3 Bh6 20.Qe4 Qf5 21.Qxf5 exf5 22.d5 Rxe1+
23.Nxe1 Nd8 24.Bb4 Rf7 25.Nf3 Rd7 26.Rc3 Rxd5 27.Rxc7 a5 28.Bc3 Kf8 29.h4 Nf7
30.Nd4 g6 31.Ne6+ Ke8 32.Bf6  1-0

[Event "Zagreb Open A 2013"]
[Site "Zagreb CRO"]
[Date "2013.03.01"]
[Round "5.19"]
[White "Ivekovic,Bo2"]
[Black "Bender,I"]
[Result "1-0"]
[WhiteElo "2174"]
[BlackElo "2287"]

1.d4 Nf6 2.c4 e6 3.Nf3 b6 4.a3 Bb7 5.Nc3 d5 6.cxd5 exd5 7.g3 Nbd7 8.Bg2 Be7
9.O-O O-O 10.Bf4 c5 11.Ne5 Re8 12.dxc5 Nxc5 13.Nf3 Nfe4 14.Nb5 Qd7 15.Nc7 g5
16.Be5 f6 17.Nxa8 fxe5 18.b4 Ne6 19.Nxb6 axb6 20.Nxe5 Qd6 21.Ng4 Qb8 22.Rc1 Rd8
23.Qb3 Nf6 24.Qe3 Bc8 25.Qe5 Qxe5 26.Nxe5 Nd4 27.Rfe1 Ba6 28.Nc6 Nxc6 29.Rxc6 Rb8
30.e4 dxe4 31.Bxe4 Nxe4 32.Rxe4 Rb7 33.Ree6 Rd7 34.Rxb6 Bb7 35.Re1 Bf3 36.Rbe6 Kf7
37.R6e3 g4 38.Rb1 Bg5 39.Reb3 Bd1 40.Rc3 Bf6 41.Rc4 Bf3 42.h3 h5 43.b5 Bd8
44.b6 Bxb6 45.hxg4 hxg4 46.Rf4+ Kg7 47.Rxf3 gxf3 48.Rxb6 Rd1+ 49.Kh2 Rd2
50.Rb3 Rxf2+ 51.Kh3 Rf1 52.Kg4 f2 53.Kf3 Kf6 54.Kg2 Ra1 55.Kxf2 Ke5 56.Kf3 Ra2
57.Kg4 Kf6 58.Kf4 Ke6 59.Kg5 Kf7 60.g4 Ra1 61.Rb7+ Kf8 62.Kf6 Rf1+ 63.Kg6 Rf3
64.Ra7 Rc3 65.g5 Rd3 66.Ra8+ Ke7 67.Kg7 Ke6 68.g6 Rg3 69.a4 Ke7 70.Ra7+ Ke8
71.Ra5 Rg4 72.Re5+ Kd7 73.Kf6 Rf4+ 74.Rf5 Rxa4 75.g7  1-0

[Event "20th Bunratty Classic"]
[Site "Bunratty IRL"]
[Date "2013.03.03"]
[Round "8.5"]
[White "Pert,N"]
[Black "Hamitevici,V"]
[Result "1/2-1/2"]
[WhiteElo "2539"]
[BlackElo "2444"]

1.d4 Nf6 2.Nf3 e6 3.c4 b6 4.a3 c5 5.d5 exd5 6.cxd5 Ba6 7.Nc3 g6 8.Bf4 d6
9.g3 Qd7 10.Qd2 Qe7 11.Bg2 Bg7 12.O-O O-O 13.Rfe1 Nbd7 14.h3 Nh5 15.Bg5 Bf6
16.Bxf6 Nhxf6 17.Qh6 Rfe8 18.Rac1 Rac8 19.a4  1/2-1/2

[Event "TCh-SVK Extraliga 2012-13"]
[Site "Slovakia SVK"]
[Date "2013.03.03"]
[Round "11.3"]
[White "Plachetka,J"]
[Black "Rigo,Z"]
[Result "1/2-1/2"]
[WhiteElo "2355"]
[BlackElo "2384"]

1.d4 Nf6 2.Nf3 e6 3.c4 b6 4.a3 Bb7 5.Nc3 d5 6.cxd5 exd5 7.g3 Be7 8.Bg2 O-O
9.O-O c5 10.Bf4 Na6 11.Rc1 Nc7 12.Ne5 Ne6 13.dxc5 bxc5  1/2-1/2

[Event "Karpos Open 2013"]
[Site "Skopje MKD"]
[Date "2013.03.10"]
[Round "2.35"]
[White "Ratkovic,Milov"]
[Black "Stefanova,A"]
[Result "0-1"]
[WhiteElo "2291"]
[BlackElo "2530"]

1.d4 Nf6 2.Nf3 e6 3.c4 b6 4.a3 Bb7 5.Nc3 g6 6.Bf4 Bg7 7.Qd2 h6 8.d5 g5 9.Bg3 Nh5
10.dxe6 dxe6 11.Qxd8+ Kxd8 12.O-O-O+ Nd7 13.Be5 f6 14.Bg3 Nxg3 15.hxg3 f5
16.Nd4 Ke7 17.e3 c5 18.Nf3 Bf6 19.Be2 g4 20.Ne1 h5 21.Nd3 Bxg2 22.Rh2 Bc6
23.Nf4 Bxc3 24.bxc3 Rag8 25.Rxh5 Rxh5 26.Nxh5 e5 27.f3 Rg5  0-1

[Event "UTD Turner GM Invitational 2013"]
[Site "Richardson USA"]
[Date "2013.03.11"]
[Round "7"]
[White "Arvind,C"]
[Black "Friedel,J"]
[Result "0-1"]
[WhiteElo "2279"]
[BlackElo "2502"]

1.d4 Nf6 2.c4 e6 3.Nf3 b6 4.a3 Ba6 5.Qc2 c5 6.d5 exd5 7.cxd5 g6 8.Bf4 d6
9.Nc3 Bg7 10.Qa4+ b5 11.Nxb5 O-O 12.Nc3 Qb6 13.Qc2 Nbd7 14.e4 Bxf1 15.Kxf1 Ng4
16.h3 Nge5 17.Nxe5 Nxe5 18.Kg1 Rab8 19.Rb1 Qb3 20.Qxb3 Rxb3 21.Kh2 Rfb8 22.Na4 Kf8
23.Rhe1 Ke7 24.Re3 Nc4 25.Rxb3 Rxb3 26.Bc1  0-1

[Event "Karpos Open 2013"]
[Site "Skopje MKD"]
[Date "2013.03.16"]
[Round "9.30"]
[White "Ratkovic,Miloj"]
[Black "Raznikov,D"]
[Result "0-1"]
[WhiteElo "2249"]
[BlackElo "2474"]

1.d4 Nf6 2.c4 e6 3.Nf3 b6 4.a3 Ba6 5.e3 c5 6.Be2 Be7 7.O-O O-O 8.Nc3 d5 9.cxd5 Nxd5
10.Nxd5 Qxd5 11.Bxa6 Nxa6 12.Qe2 Qb7 13.Bd2 cxd4 14.Nxd4 Nc5 15.Rac1 Rac8
16.Rfd1 a6 17.Bb4 Rfd8 18.h3 Bf6 19.Nf3 Rxd1+ 20.Rxd1 Na4 21.Nd4 h6 22.Qd2 a5
23.Bc3 Qd5 24.Ne2 Qxd2 25.Rxd2 Bxc3 26.Nxc3 Nxb2 27.Rxb2 Rxc3 28.Rxb6 Rxa3
29.Ra6 Ra1+ 30.Kh2 a4 31.g3 a3 32.Kg2 g6 33.Kf3 Kg7 34.Ra5 Kf6 35.e4 g5 36.g4 Kg6
37.Kg2 Kf6 38.Kf3 Ke7 39.Ra7+ Kd6 40.Rxf7 Rh1 41.Ra7 Rxh3+ 42.Ke2 Rb3 43.Ra5 Kc6
44.Kd2 Kb6 45.Ra8 Kc5 46.Ra6 Kd4 47.Kc1 Ke5 48.Kd1 Kxe4 49.Rxe6+ Kf4 50.Kc2 Rf3
51.Rxh6 Rxf2+ 52.Kb1 Kxg4 53.Ra6 Rf3  0-1

[Event "86th ch-St Petersburg"]
[Site "St Petersburg RUS"]
[Date "2013.03.20"]
[Round "10.2"]
[White "Levin,Ev"]
[Black "Lobanov,Sergei"]
[Result "1-0"]
[WhiteElo "2508"]
[BlackElo "2148"]

1.d4 Nf6 2.c4 e6 3.Nf3 b6 4.a3 Ba6 5.Qc2 c5 6.e4 d5 7.Bg5 Be7 8.e5 Nfd7 9.Bxe7 Qxe7
10.cxd5 exd5 11.Nc3 Qe6 12.Ng5 Qh6 13.Qf5 O-O 14.Bxa6 Nxa6 15.O-O cxd4 16.Nxd5 Rae8
17.f4 Nac5 18.b4 Ne6 19.Ne4 f6 20.exf6 Nxf6 21.Ndxf6+ gxf6 22.Nd6 Re7 23.Rae1 Qg6
24.Qd5 f5 25.Re5 Kh8 26.Nxf5 Ref7 27.Nh4 Qg4 28.Rxe6 Qxh4 29.Qxd4+ Kg8 30.Re3 h6
31.Rg3+ Kh7 32.Qe4+ Rf5 33.Rh3 Qg4 34.Rg3 Qh4 35.Rd3 Kh8 36.Rd7 a5 37.Qd4+  1-0

[Event "3rd HD Bank Cup 2013"]
[Site "Ho Chi Minh City VIE"]
[Date "2013.03.21"]
[Round "4.6"]
[White "Le Tuan Minh"]
[Black "Papp,Ga"]
[Result "1/2-1/2"]
[WhiteElo "2218"]
[BlackElo "2582"]

1.d4 Nf6 2.c4 e6 3.Nf3 b6 4.a3 Ba6 5.Qc2 Bb7 6.Nc3 c5 7.e4 cxd4 8.Nxd4 Bc5
9.Nb3 Nc6 10.Bg5 Qb8 11.Rd1 Be7 12.Be2 d6 13.O-O O-O 14.Kh1 a6 15.f4 Qc7
16.f5 Rac8 17.fxe6 fxe6 18.Bf4 Rfe8 19.c5 bxc5 20.Nxc5 Nd4 21.Rxd4 Qxc5 22.Rc4 Qa7
23.Rxc8 Rxc8 24.Qb3 d5 25.exd5 Nxd5 26.Bg4 Kh8 27.Nxd5 Bxd5 28.Qg3 Bf6 29.Bf3 Bxb2
30.Bxd5 exd5 31.Rd1 Qe7 32.h3 Qxa3 33.Qg4 Rf8 34.Rxd5 Qb4 35.Rf5 Re8 36.Qf3 Bd4
37.Kh2 h6 38.Rd5 Rf8 39.Bd6 Bg1+ 40.Kh1 Rxf3 41.Bxb4 Rf1 42.g4 Rb1 43.Kg2 Be3
44.Bc3 Rb3 45.Rd3 Bd4 46.Rxd4 Rxc3 47.Rd8+ Kh7 48.Ra8 Ra3 49.Rf8 Kg6 50.Rf5 Rb3
51.Rf8 a5 52.Ra8 Rb5 53.Kg3 Kf6 54.Ra6+ Ke5 55.Ra7 g5 56.Ra6 Kd4 57.Rxh6 Rb3+
58.Kg2 a4 59.Ra6 a3 60.h4 gxh4 61.g5 Rg3+ 62.Kh2 Kc4 63.g6 Kb3 64.Rb6+ Kc2
65.Ra6 Kb2 66.Rb6+ Ka1 67.Ra6 Kb1 68.g7 a2 69.Rb6+ Kc2 70.Rc6+ Kb2 71.Rb6+ Kc3
72.Rc6+ Kb4 73.Ra6 Kb3 74.Rb6+ Kc2 75.Rc6+ Kb3 76.Rb6+ Ka3 77.Ra6+ Kb3 78.Rb6+ Kc4  1/2-1/2

[Event "25th Metropolitan IM"]
[Site "Los Angeles USA"]
[Date "2013.03.22"]
[Round "6"]
[White "Kalantarian,No"]
[Black "Akopyan,H"]
[Result "1/2-1/2"]
[WhiteElo "2412"]
[BlackElo "2211"]

1.d4 Nf6 2.c4 e6 3.Nf3 b6 4.a3 Ba6 5.e3 c6 6.Be2 d5 7.cxd5 Bxe2 8.Qxe2 cxd5
9.O-O Be7 10.Nc3 O-O 11.e4 dxe4 12.Nxe4 Nxe4 13.Qxe4 Qd5 14.Qxd5 exd5 15.Be3 Nd7
16.Rfc1 Rac8 17.Rxc8 Rxc8 18.Rc1 Rxc1+ 19.Bxc1 Kf8 20.Kf1 Bf6 21.Be3  1/2-1/2

[Event "ch-Moscow 2013"]
[Site "Moscow RUS"]
[Date "2013.03.22"]
[Round "1.2"]
[White "Vorobiov,E"]
[Black "Dvalishvili,P"]
[Result "0-1"]
[WhiteElo "2578"]
[BlackElo "2413"]

1.d4 Nf6 2.c4 e6 3.Nf3 b6 4.a3 Bb7 5.Nc3 d5 6.cxd5 Nxd5 7.e3 Nxc3 8.bxc3 g6
9.a4 Bg7 10.Ba3 Nd7 11.a5 c5 12.Bb5 O-O 13.O-O Qc7 14.Rb1 Rfd8 15.Qe2 Nf6
16.Rfc1 Be4 17.Bd3 bxa5 18.Ne5 Bf8 19.Bxe4 Nxe4 20.Nc4 Rac8 21.Qd3 Nf6 22.Qf1 Rb8
23.Ra1 Rdc8 24.Qd1 Ne4 25.Qd3 Nd6 26.Nxd6 Bxd6 27.g3 Rb3 28.Qa6 Rxa3 29.Rxa3 cxd4
30.Rb3 dxe3 31.fxe3 Bc5 32.Rd1 Bxe3+ 33.Kg2 Bb6 34.Qd3 Qc5 35.Qf3 a4 36.Rd7 Rf8
37.Rb4 Qc8 38.Qb7 Qxc3 39.Rf4 Qb2+ 40.Kh3 Qg7 41.Rxa4 h5 42.Re4 g5 43.Rxe6 Qa1
44.Rxf7 Rxf7 45.Rg6+ Rg7 46.Qd5+ Kh7 47.Rxg5 Qf1+ 48.Kh4 Qf6 49.Qf5+ Qxf5
50.Rxf5 Bd8+ 51.Kxh5 a5 52.h4 Ra7 53.Rd5 Bf6 54.g4 a4 55.g5 Bb2  0-1

[Event "TCh-AUT 2012-13"]
[Site "St.Veit AUT"]
[Date "2013.03.23"]
[Round "10.5"]
[White "Boensch,U"]
[Black "Ennsberger,U"]
[Result "1-0"]
[WhiteElo "2528"]
[BlackElo "2368"]

1.d4 Nf6 2.c4 e6 3.Nf3 b6 4.a3 Ba6 5.Qc2 Bb7 6.Nc3 d5 7.Bg5 Be7 8.Bxf6 Bxf6
9.cxd5 exd5 10.g3 O-O 11.Bg2 Nd7 12.O-O c5 13.Rad1 Rc8 14.Bh3 cxd4 15.Nxd4 Rc5
16.Bg2 Qa8 17.Qf5 Rd8 18.Nb3 d4 19.Nxc5 Nxc5 20.Bxb7 Qxb7 21.b4 dxc3 22.Rxd8+ Bxd8
23.bxc5 bxc5 24.Qe5  1-0